00787nam a2200205 c 450000500170000000800410001702000180005804000600007604100080013624501220014426000590026630000230032549000490034850400530039765000230045065000220047365000370049570000260053270000230055820240502103132.0120830s2019 enk |||gr|||| 00| 0 eng d a9781788111454 aCO-BoUCMbspacDeissy GarciadDavid Moreno (modificó)0 aeng10aHuman rights and the environmentblegality, indivisibility, dignity and geographyceditado por James R May, Erin Daly aCheltenham, Reino UnidobEdward Elgar Publishingc2019 axxv, 585 Páginas0 aElgar encyclopedia of environmental lawvvii aIncluye referencias bibliográficas e índices17aDerecho ambiental 17aDerechos humanos 17aDerecho internacional ambiental 1 aMay, James R.eeditor1 aDaly, Erineeditor